| 000 | 00714nam a2200253#a 4500 | ||
|---|---|---|---|
| 001 | 01970 | ||
| 003 | HDC | ||
| 007 | ta | ||
| 008 | 230623s2012 xx 000 0 eng d | ||
| 020 | _a2231-9565 (pbk). | ||
| 040 | _aHDC | ||
| 050 |
_atm HG4244.66 _b .Y45 2012 |
||
| 110 |
_aYellow pages for home : _b (Bangsar, Sri Hartamas, Damansara)." |
||
| 245 | 0 | _aYellow pages for home. | |
| 250 | _a3rd ed. | ||
| 264 |
_aSeri Kembangan, Selangor : _bTM Ino-Media, _c2012-. |
||
| 300 |
_av. : _b col. ill. ; _c 23cm. |
||
| 650 |
_aBusiness enterprises _zMalaysia _vDirectories |
||
| 650 |
_aTelephone _vDirectories _vYellow pages. |
||
| 942 | _2lcc | ||
| 942 | _cBK | ||
| 942 | _ktm HG4244.66 | ||
| 942 | _m .Y45 2012 | ||
| 999 |
_c23530 _d23530 |
||